000 01101nac a22002657a 4500
001 BR5500097
003 BR-BrBNA
005 20240105112914.0
008 230509b bl.|||m| |||| 00| 0 por d
040 _aBR-BrBNA
_bpor
_cBiblioteca Nacional de Agricultura
072 _aL60
090 _a8105 BR5500097
100 1 _aRibeiro, P. de M.
110 1 _aMuseu Nacional, Rio de Janeiro, GB (Brasil)
_97645
245 1 _aCatalogo dos peixes do Museu Nacional [Brasil]
_bv. 12 - Ameiuridae Jordan, 1923 - Ariidae (Tachysuridae)Jordan, 1923 - Coryphaenidae Gill, 1872 - Merluccidae Gill, 1810 - Molidae (Ranzani, 1837)Claus, 1822 - Mugilidae Gunther, 1863 - Polynemidae Gunther, 1863 - Sphyraenidae Gunther, 1863 - Stromateidae Gill, 1872
260 3 _aRio de Janeiro, GB (Brasil):
_c[nd].
300 _a9 p.
490 _aPublicacoes Avulsas - Museu Nacional (Brazil)
_vno. 51
_x
500 _aPublished after 1955
650 _aTaxonomia animal
650 _aPeixe de agua doce
650 _aDistribuicao geografica
909 _a202312
_bLúcia Elande
_c55
_dLúcia Elande
942 _2AGRIS
_n0
_cMS
999 _c260868
_d260868